Mathematics and humor /

A collection of mathematical jokes, riddles, cartoons, and drawings.

Bibliographic Details
Other Authors: Vinik, Aggie, Silvey, Linda, Hughes, Barnabas, 1926-
Format: Book
Language:English
Published: Reston, Va. : National Council of Teachers of Mathematics, 1979 printing.
Subjects:

MARC

Tag First Indicator Second Indicator Subfields
LEADER 00000pam a2200000 i 4500
001 in00000078571
005 20151008052833.0
008 781019s1978 vaua j 00100 eng
010 |a  78024206  
020 |a 087353137X 
035 |a (OCoLC)04503931 
035 |9 AAH5100AM 
040 |a DLC  |c DLC  |d TXA  |d UtOrBLW 
049 |a [Curr Col] TXAM  |c [1558676] 
050 0 0 |a QA99  |b .M38 
082 0 |a 510/.2/07 
090 |a QA99  |b .M38 1979 
245 0 0 |a Mathematics and humor /  |c edited by Aggie Vinik, Linda Silvey, Barnabas Hughes. 
264 1 |a Reston, Va. :  |b National Council of Teachers of Mathematics,  |c 1979 printing. 
264 4 |c ©1978 
300 |a vi, 58 pages :  |b illustrations ;  |c 23 cm. 
336 |a text  |b txt  |2 rdacontent 
337 |a unmediated  |b n  |2 rdamedia 
338 |a volume  |b nc  |2 rdacarrier 
500 |a Includes index. 
520 |a A collection of mathematical jokes, riddles, cartoons, and drawings. 
650 0 |a Mathematics  |x Anecdotes  |x Juvenile literature. 
650 1 |a Mathematics  |x Anecdotes. 
700 1 |a Vinik, Aggie. 
700 1 |a Silvey, Linda. 
700 1 |a Hughes, Barnabas,  |d 1926- 
999 |a MARS 
999 f f |s 3495712a-db0c-3a22-a6f7-c2393ae41d5f  |i e5d4d2ed-24f6-3b32-a123-e9b7ea9b7b60  |t 0 
952 f f |p normal  |a Texas A&M University  |b College Station  |c Sterling C. Evans Library  |d Evans: Curriculum Collection (4th floor)  |t 0  |e QA99 .M38 1979  |h Library of Congress classification  |i unmediated -- volume  |m A14800248671 
998 f f |a QA99 .M38 1979  |t 0  |l Evans: Curriculum Collection (4th floor)